000 00274nam a2200121Ia 4500
008 191201s2013 xx 000 0 und d
100 _aAULAKH,GS
245 0 _aMachine Design
250 _a3rd
260 _c2013
_bEagle Pub.
_aNew Delhi
300 _a320+71
942 _2ddc
_cBK
999 _c8116
_d8116